<?xml version="1.0" encoding="UTF-8"?>
<record
    xmlns:xsi="http://www.w3.org/2001/XMLSchema-instance"
    xsi:schemaLocation="http://www.loc.gov/MARC21/slim http://www.loc.gov/standards/marcxml/schema/MARC21slim.xsd"
    xmlns="http://www.loc.gov/MARC21/slim">

  <leader>01483nam a22001937a 4500</leader>
  <controlfield tag="003">SISC</controlfield>
  <controlfield tag="005">20160617171201.0</controlfield>
  <controlfield tag="008">160616b        xxu||||| |||| 00| 0 eng d</controlfield>
  <datafield tag="020" ind1=" " ind2=" ">
    <subfield code="a">9789814453271</subfield>
  </datafield>
  <datafield tag="050" ind1=" " ind2=" ">
    <subfield code="a">QA 43 C518 2013</subfield>
  </datafield>
  <datafield tag="245" ind1=" " ind2=" ">
    <subfield code="a">101 must-know challenging maths word problems /</subfield>
    <subfield code="c">Joylynn Cheng</subfield>
  </datafield>
  <datafield tag="250" ind1=" " ind2=" ">
    <subfield code="a">1st ed. </subfield>
  </datafield>
  <datafield tag="260" ind1=" " ind2=" ">
    <subfield code="a">Singapore :</subfield>
    <subfield code="b">Singapore Asia Publishers </subfield>
    <subfield code="c">2013.</subfield>
  </datafield>
  <datafield tag="300" ind1=" " ind2=" ">
    <subfield code="a">101 p. :</subfield>
    <subfield code="b">ill. ;</subfield>
    <subfield code="c">26 cm. </subfield>
  </datafield>
  <datafield tag="520" ind1=" " ind2=" ">
    <subfield code="a">101 Must-Know Challenging Maths Word Problems for Primary 6 presents word problems that test on important concepts so students can learn to apply general mathematical problem-solving strategies and heuristics confidently. This book comprises word problems often encountered by students in their tests and examinations. The questions are categorized into respective topics in accordance with the current Primary Mathematics Syllabus. Detailed step-by-step workings are included in the answer key for every question to show how a problem is solved. Diagrams and mathematical models are provided in most solutions to aid students in understanding the problem-solving processes. This set of comprehensive word problems will alow students to develop and hone creative and critical thinking skills. Students will find this book useful as a resource for good maths questions and a reference for problem-solving methods. </subfield>
  </datafield>
  <datafield tag="650" ind1=" " ind2=" ">
    <subfield code="a">Mathematics--Problems, exercises, etc. </subfield>
  </datafield>
  <datafield tag="650" ind1=" " ind2=" ">
    <subfield code="a">Word problems (Mathematics). </subfield>
  </datafield>
  <datafield tag="942" ind1=" " ind2=" ">
    <subfield code="2">lcc</subfield>
    <subfield code="c">BK</subfield>
  </datafield>
  <datafield tag="999" ind1=" " ind2=" ">
    <subfield code="c">295950</subfield>
    <subfield code="d">295950</subfield>
  </datafield>
  <datafield tag="952" ind1=" " ind2=" ">
    <subfield code="0">0</subfield>
    <subfield code="1">0</subfield>
    <subfield code="2">lcc</subfield>
    <subfield code="4">0</subfield>
    <subfield code="a">LUX</subfield>
    <subfield code="b">LUX</subfield>
    <subfield code="c">HS</subfield>
    <subfield code="d">2016-06-16</subfield>
    <subfield code="e">Library Fund</subfield>
    <subfield code="l">1</subfield>
    <subfield code="m">4</subfield>
    <subfield code="o">QA 43 C518 2013</subfield>
    <subfield code="p">20197</subfield>
    <subfield code="r">2019-10-30 00:00:00</subfield>
    <subfield code="s">2019-09-25</subfield>
    <subfield code="w">2016-06-16</subfield>
    <subfield code="y">BK</subfield>
  </datafield>
</record>
